01169cam a22002658i 45000010009000000050017000090080041000260100017000670200030000840400033001140420008001470500021001550820016001761000039001922450091002312630009003223000013003315040051003446500054003957760228004499060045006779420033007229990017007559520131007722080938720230717150519.0190107s2019 nju b 001 0 eng c a 2018048134 a9781119424093 (hardcover) aWaSeSS/DLCbengerdacWaSeSS apcc00aTJ 990 .B73 201900a621.4062231 aBraembussche, R. van den,eauthor.10aDesign and analysis of centrifugal compressors /cProfessor Rene Van den Braembussche. a1901 apages cm aIncludes bibliographical references and index. 0aCentrifugal compressorsxDesign and construction.08iOnline version:aBraembussche, R. van den, author.tDesign and analysis of centrifugal compressorsdHoboken, NJ : John Wiley & Sons ; [place of publication not identified] : ASME Press, 2019z9781119424116w(DLC) 2019002917 a7bcbccorignewd1eecipf20gy-gencatlg 2lcccBOOKShTJ 990 .B73 2019 c31695d31695 00102lcc4070aMUCbMUCcGENd2023-07-17eDonation (falcon books)l0oTJ 990 .B73 2019p39491r2023-07-17w2023-07-17yBOOKS